[Event "GER-chT U14"]
[Site "Kelheim"]
[Date "2022.12.29"]
[Round "6"]
[White "Haubold, Sebastian Marcel"]
[Black "Wunderlich, Elias"]
[Result "1/2-1/2"]
[WhiteElo "1998"]
[BlackElo "1789"]
[PlyCount "77"]
[EventDate "2022.12.26"]
[EventType "team-swiss"]
[EventRounds "7"]
[EventCountry "GER"]
[SourceTitle "CBM 212 Extra"]
[Source "ChessBase"]
[SourceDate "2023.03.31"]
[SourceVersion "1"]
[SourceVersionDate "2023.03.31"]
[SourceQuality "1"]
[WhiteTeam "Stassfurt Einheit"]
[BlackTeam "Garching"]
[WhiteTeamCountry "GER"]
[BlackTeamCountry "GER"]

1. e4 e6 2. d4 d5 3. Nd2 c5 4. exd5 Qxd5 5. Ngf3 cxd4 6. Bc4 Qd6 7. 0-0 Nf6 8. Nb3 Nc6 9. Nbxd4 Nxd4 10. Nxd4 Be7 11. c3 0-0 12. Qf3 Qc7 13. Bd3 Bd7 14. Re1 Rfe8 15. Bg5 Rac8 16. a4 a5 17. Bb5 Bxb5 18. Nxb5 Qb6 19. Bxf6 Bxf6 20. Rad1 Red8 21. h3 Kf8 22. Qe4 h6 23. Qf3 Ke7 24. Kf1 Qc6 25. Qxc6 bxc6 26. Na3 Rd5 27. Rxd5 cxd5 28. Nb5 Kd7 29. Ke2 Rc4 30. b3 Rc5 31. Kd3 g6 32. f4 Bh4 33. Re3 Bd8 34. g4 Bb6 35. Re2 Rc8 36. Nd4 Bxd4 37. Kxd4 Rb8 38. Rb2 Kd6 39. b4 1/2-1/2

[Event "GER-ch U14"]
[Site "Willingen"]
[Date "2022.06.08"]
[Round "6"]
[White "Wunderlich, Elias"]
[Black "Haubold, Sebastian Marcel"]
[Result "1/2-1/2"]
[WhiteElo "1619"]
[BlackElo "1889"]
[PlyCount "108"]
[EventDate "2022.06.04"]
[EventType "swiss"]
[EventRounds "9"]
[EventCountry "GER"]
[SourceTitle "CBM 208 Extra"]
[Source "ChessBase"]
[SourceDate "2022.07.31"]
[SourceVersion "1"]
[SourceVersionDate "2022.07.31"]
[SourceQuality "1"]

1. e4 e5 2. Nf3 Nc6 3. Bb5 a6 4. Ba4 Nf6 5. 0-0 Be7 6. Re1 b5 7. Bb3 0-0 8. a4 d5 9. exd5 Na5 10. Nxe5 Bb7 11. Nc6 Nxc6 12. dxc6 Bxc6 13. axb5 axb5 14. Rxa8 Bxa8 15. Qe2 Bd6 16. d4 Qd7 17. f3 Qf5 18. Nd2 Qf4 19. Nf1 Qxd4+ 20. Be3 Qe5 21. Qd3 Qh5 22. c3 Nd7 23. Ng3 Qh4 24. Qxb5 Ne5 25. Bf2 Bc6 26. Qe2 Rb8 27. Bc2 Re8 28. Qd1 Re6 29. Ne4 Qh5 30. Nxd6 Bxf3 31. Rxe5 Bxd1 32. Rxh5 Bxh5 33. Nc4 Bg6 34. Bd1 Bd3 35. Ne3 Ra6 36. Bg3 c5 37. b4 cxb4 38. cxb4 Ra2 39. Bd6 h6 40. h3 Kh7 41. Kh2 f5 42. h4 g5 43. hxg5 hxg5 44. Bf3 Kg6 45. Bd5 Rd2 46. Bc5 f4 47. Ng4 Be2 48. Be4+ Kg7 49. Kh3 Rd8 50. g3 Rh8+ 51. Kg2 Bxg4 52. Bd4+ Kg8 53. Bxh8 Kxh8 54. gxf4 gxf4 1/2-1/2

[Event "GER-ch U14"]
[Site "Willingen"]
[Date "2022.06.07"]
[Round "4"]
[White "Ermitsch, Magnus"]
[Black "Haubold, Sebastian Marcel"]
[Result "1-0"]
[WhiteElo "2227"]
[BlackElo "1889"]
[PlyCount "71"]
[EventDate "2022.06.04"]
[EventType "swiss"]
[EventRounds "9"]
[EventCountry "GER"]
[SourceTitle "CBM 208 Extra"]
[Source "ChessBase"]
[SourceDate "2022.07.31"]
[SourceVersion "1"]
[SourceVersionDate "2022.07.31"]
[SourceQuality "1"]

1. e4 e5 2. Nf3 Nc6 3. Bb5 a6 4. Ba4 Nf6 5. 0-0 Be7 6. d3 b5 7. Bb3 d6 8. c3 0-0 9. a4 Bb7 10. Bg5 Nd7 11. Be3 Na5 12. Ba2 c5 13. b4 cxb4 14. cxb4 Nc6 15. Bd5 Nb6 16. Nc3 Rb8 17. axb5 axb5 18. Qb3 Bf6 19. Rfc1 Nxd5 20. Nxd5 Ne7 21. Nxf6+ gxf6 22. Nh4 Qd7 23. Qd1 Bc8 24. h3 Kh8 25. Qf3 Qe6 26. d4 d5 27. Rc7 Rb7 28. Rc5 f5 29. exd5 Qf6 30. dxe5 Qxh4 31. d6 Ng6 32. Rxc8 Rxc8 33. Qxb7 Rf8 34. Ra8 f4 35. Rxf8+ Nxf8 36. Qxf7 1-0

[Event "GER-chT U12"]
[Site "Naumburg Saale"]
[Date "2022.03.27"]
[Round "4.1"]
[White "Haubold, Sebastian Marcel"]
[Black "Middendorf, Sven Jonas"]
[Result "1-0"]
[WhiteElo "1869"]
[BlackElo "1424"]
[PlyCount "83"]
[EventDate "2022.03.25"]
[EventType "team-swiss"]
[EventRounds "6"]
[EventCountry "GER"]
[SourceTitle "EXT 2023"]
[Source "ChessBase"]
[SourceDate "2022.10.05"]
[SourceVersion "1"]
[SourceVersionDate "2022.10.05"]
[SourceQuality "1"]
[WhiteTeam "Stassfurt Einheit"]
[BlackTeam "Nauen Hellas"]
[WhiteTeamCountry "GER"]
[BlackTeamCountry "GER"]

1. e4 e5 2. Nf3 Nc6 3. Bb5 a6 4. Ba4 Nf6 5. d4 exd4 6. 0-0 Be7 7. Re1 b5 8. e5 Nd5 9. Bb3 Nb6 10. Nxd4 Nxd4 11. Qxd4 c5 12. Qg4 g6 13. c3 d5 14. Qf3 c4 15. Bc2 Bc5 16. Bh6 Rg8 17. Nd2 Qh4 18. Be3 Bxe3 19. Qxe3 Qd8 20. Qh6 Rf8 21. Qxh7 Be6 22. Nf3 Nd7 23. Nd4 Nc5 24. Qh6 Qc7 25. Rad1 0-0-0 26. b4 cxb3 27. axb3 Qd7 28. b4 Nb7 29. Ra1 Qc7 30. Rxa6 Qxc3 31. Rc6+ Qxc6 32. Nxc6 Rde8 33. Na7+ Kb8 34. Nxb5 Rh8 35. Qe3 Kc8 36. Nd6+ Nxd6 37. exd6 Bd7 38. Qc5+ Kb7 39. Qc7+ Ka6 40. Ra1+ Ba4 41. Rxa4+ Kb5 42. Qc5# 1-0

[Event "GER-chT Lands U20"]
[Site "Neumuenster"]
[Date "2021.10.02"]
[Round "2.5"]
[White "Colbow, Collin"]
[Black "Haubold, Sebastian Marcel"]
[Result "1-0"]
[WhiteElo "2329"]
[BlackElo "1884"]
[PlyCount "63"]
[EventDate "2021.10.01"]
[EventType "team-swiss"]
[EventRounds "7"]
[EventCountry "GER"]
[SourceTitle "CBM 204 Extra"]
[Source "ChessBase"]
[SourceDate "2021.11.30"]
[SourceVersion "1"]
[SourceVersionDate "2021.11.30"]
[SourceQuality "1"]
[WhiteTeam "Bremen/Niedersachsen"]
[BlackTeam "Sachsen Anhalt"]
[WhiteTeamCountry "GER"]
[BlackTeamCountry "GER"]

1. Nf3 Nf6 2. g3 g6 3. Bg2 Bg7 4. b3 0-0 5. Bb2 d5 6. c4 c5 7. cxd5 Nxd5 8. Bxg7 Kxg7 9. Qc1 b6 10. d4 cxd4 11. Nxd4 Bb7 12. 0-0 e5 13. Nb5 a6 14. Rd1 axb5 15. Bxd5 Qe7 16. Bxb7 Qxb7 17. Nc3 b4 18. Nd5 Nc6 19. Qe3 Ra6 20. Qf3 Rb8 21. Qf6+ Kg8 22. Qxc6 Qxc6 23. Ne7+ Kg7 24. Nxc6 Rc8 25. Nxb4 Ra7 26. Rac1 Rxc1 27. Rxc1 Rd7 28. Rc6 Rd2 29. Rxb6 Rxe2 30. a4 Rb2 31. Nd5 Rb1+ 32. Kg2 1-0

[Event "GER-ch U12"]
[Site "Willingen"]
[Date "2021.08.29"]
[Round "9"]
[White "Haubold, Sebastian Marcel"]
[Black "Besou, Hussain"]
[Result "1/2-1/2"]
[WhiteElo "1813"]
[BlackElo "1856"]
[PlyCount "80"]
[EventDate "2021.08.22"]
[EventType "swiss"]
[EventRounds "9"]
[EventCountry "GER"]
[SourceTitle "EXT 2022"]
[Source "ChessBase"]
[SourceDate "2021.10.06"]
[SourceVersion "1"]
[SourceVersionDate "2021.10.06"]
[SourceQuality "1"]

1. e4 e5 2. Nf3 Nc6 3. Bc4 Nf6 4. d3 Be7 5. 0-0 0-0 6. Re1 d6 7. a4 Na5 8. Ba2 c5 9. c3 Nc6 10. Na3 h6 11. h3 Re8 12. Bd2 a6 13. Nc2 Rb8 14. b4 cxb4 15. Nxb4 Nxb4 16. cxb4 Bf8 17. Qc2 Bd7 18. d4 exd4 19. Nxd4 g6 20. e5 dxe5 21. Qxg6+ Kh8 22. Bxf7 exd4 23. Bxe8 Bxe8 24. Qd3 Qd6 25. Re2 Rd8 26. Rae1 Bf7 27. Qf5 Bg7 28. b5 axb5 29. axb5 Bd5 30. Re7 Ng8 31. R7e2 Rf8 32. Qd3 Qc7 33. Rc1 Qd6 34. Rc2 Bf7 35. Rc1 Bg6 36. Qc4 Qf6 37. Bb4 Rf7 38. Rd2 Qg5 39. Re1 Kh7 40. b6 Rd7 1/2-1/2